El teorema de Rybczynki con funciones de producción de coeficientes fijos (Registro nro. 28751)

Detalles MARC
000 -LEADER
fixed length control field 00360 a2200109 4500
001 - CONTROL NUMBER
control field ART_23949
005 - DATE AND TIME OF LATEST TRANSACTION
control field 20260410161933.0
008 - FIXED-LENGTH DATA ELEMENTS--GENERAL INFORMATION
fixed length control field 260409a
100 1# - MAIN ENTRY--PERSONAL NAME
Personal name Pablo, Juan Carlos de
245 10 - TITLE STATEMENT
Title El teorema de Rybczynki con funciones de producción de coeficientes fijos
773 0# - HOST ITEM ENTRY
Title Informe
Related parts - Año VIII, Nº 49 (oct./dic. 1976)
Record control number REV23765

No hay ítems disponibles.